Theoretical models and processes of reading

Gespeichert in:
Bibliographische Detailangaben
Hauptverfasser: Alvermann, Donna E (VerfasserIn), Unrau, Norman J (VerfasserIn), Ruddell, Robert B (VerfasserIn)
Format: Buch
Sprache:Englisch
Veröffentlicht: Newark International Reading Association 2013
Ausgabe:6a. ed
Schlagworte:
Tags: Tag hinzufügen
Keine Tags, Fügen Sie den ersten Tag hinzu!

MARC

LEADER 00000cam a2200000 a 4500
001 UCF8590
003 CL-VaPUC
008 130916e20130000us |||||||||||||||||eng|d
020 |a 0872077101 
082 0 4 |a 418.4  |b ALV  |2 21 
100 0 |a Alvermann, Donna E  |e author  |9 570697 
700 0 |a Unrau, Norman J  |e author  |9 570698 
700 0 |a Ruddell, Robert B  |e author  |9 570699 
245 1 0 |a Theoretical models and processes of reading 
250 |a 6a. ed 
300 |a 1317 p 
942 |c BK 
945 |d 20130916 10:38:00  |a dcastane 
260 |a Newark  |b International Reading Association  |c 2013 
650 0 |a Lingüística aplicada   |9 313266 
650 0 |a Lectura  |9 307634 
650 7 |a LINGUISTICA DESCRIPTIVA  |2 CL-VaPUC  |9 570700 
583 |a last modification  |c 20130916 10:38:00  |k Rodrigo Vera 
999 |c 353157  |d 353155 
952 |0 0  |1 0  |3 erb  |4 0  |6 418_400000000000000_ALV_2013  |7 0  |8 A  |9 458124  |a FDOPOS  |b FDOPOS  |d 2019-11-23  |i 5011094  |o 418.4 ALV 2013  |p 5011094  |r 2025-01-22  |w 2019-11-23  |y BK  |z Catalogado en:20130916  |k DLA